00254nam a2200109Ia 4500008004100000100001100041245003000052260002600082650001200108942000700120999001700127190216s9999||||xx |||||||||||||| ||und|| aKaur H 0aIndia Sulthanate Of Delhi bOriental Watchman Pub aHistory cBK c20360d20360